|
|
|
|
| LEADER |
00000naa2a2200000 4500 |
| 001 |
671041 |
| 005 |
20241010162120.0 |
| 090 |
|
|
|a 671041
|
| 100 |
|
|
|a 20240305d2024 k||y0rusy50 ca
|
| 101 |
0 |
|
|a rus
|
| 102 |
|
|
|a RU
|
| 135 |
|
|
|a drcn ---uucaa
|
| 200 |
1 |
|
|a Сравнительный анализ китайских и российских культурных очков
|f Гао Аоцзе
|
| 336 |
|
|
|a Текстовый файл
|
| 463 |
|
|
|0 669745
|9 669745
|a Национальный исследовательский Томский политехнический университет, Школа общественных наук
|c Томск
|d 2023
|n Изд-во ТПУ
|o сборник докладов III Международной научно-практической конференции, Томск, 25-27 апреля 2023 г.
|p 1 файл (13,5 Mb, 692 с.)
|t Научная инициатива иностранных студентов и аспирантов
|u conference_tpu-2023-C19.pdf
|v С. 161-163
|
| 610 |
1 |
|
|a электронный ресурс
|
| 610 |
1 |
|
|a труды учёных ТПУ
|
| 610 |
1 |
|
|a культура
|
| 610 |
1 |
|
|a традиции
|
| 610 |
1 |
|
|a досуг
|
| 610 |
1 |
|
|a развлечение
|
| 700 |
|
0 |
|a Гао Аоцзе
|
| 712 |
0 |
2 |
|a Национальный исследовательский Томский политехнический университет
|c (2009- )
|b Школа общественных наук
|9 26305
|4 570
|
| 801 |
|
0 |
|a RU
|b 63413507
|c 20240305
|g RCR
|
| 856 |
4 |
|
|u http://earchive.tpu.ru/handle/11683/80341
|z http://earchive.tpu.ru/handle/11683/80341
|
| 942 |
|
|
|c CF
|